00294nam a2200121Ia 4500008004100000100002400041245002600065260002600091300000900117650002200126942000700148999001700155190216s9999||||xx |||||||||||||| ||und|| aNambbdirippad N D P 0aConstitution Of India bMinistry Of Lawc1969 a500p aPolitical Science cBK c34772d34772